Quản lý và tổ chức y tế : Tài liệu hướng dẫn giáo viên các trường trung cấp y tế
Nội dung tài liệu trình bày các bài giảng về hệ thống tổ chức ngành y tế và ngành điều dưỡng Việt Nam. Những quan điểm, đường lối, chiến lược của Đảng về công tác chăm sóc, bảo vệ sức khoẻ nhân dân. Đạo đức người cán bộ y tế. T...
Сохранить в:
| Главный автор: | |
|---|---|
| Другие авторы: | , |
| Формат: | |
| Язык: | Vietnamese |
| Опубликовано: |
H.
Giáo dục
2012
|
| Редактирование: | Tái bản lần thứ 1 |
| Предметы: | |
| Метки: |
Добавить метку
Нет меток, Требуется 1-ая метка записи!
|
| Thư viện lưu trữ: | Thư viện Trường Đại học Nam Cần Thơ |
|---|
| LEADER | 02189nam a22002897a 4500 | ||
|---|---|---|---|
| 001 | NCT_145550 | ||
| 008 | 180413b xxu||||| |||| 00| 0 vie d | ||
| 999 | |c 7496 |d 7496 | ||
| 020 | |c 56000 | ||
| 082 | 0 | 4 | |2 23rd ed. |a 610.6 |b Th120 |
| 100 | 1 | |a Phí Văn Thâm |e Chủ biên | |
| 245 | 1 | 0 | |a Quản lý và tổ chức y tế |b : Tài liệu hướng dẫn giáo viên các trường trung cấp y tế |c Phí Văn Thâm, Lê Thị Thanh Hương (Chủ biên) ; Nguyễn Phiên,... |
| 250 | |a Tái bản lần thứ 1 | ||
| 260 | |a H. |b Giáo dục |c 2012 | ||
| 300 | |a 191 tr. |c 27cm | ||
| 500 | |a ĐTTS ghi: Bộ Y tế | ||
| 520 | 3 | |a Nội dung tài liệu trình bày các bài giảng về hệ thống tổ chức ngành y tế và ngành điều dưỡng Việt Nam. Những quan điểm, đường lối, chiến lược của Đảng về công tác chăm sóc, bảo vệ sức khoẻ nhân dân. Đạo đức người cán bộ y tế. Tổ chức và quản lý y tế cơ sở, bệnh viện. Chức trách, chế độ quy định với người điều dưỡng... | |
| 653 | |a Y đa khoa | ||
| 700 | 1 | |a Lê Thị Thanh Hương |e Chủ biên | |
| 700 | 1 | |a Nguyễn Phiên | |
| 942 | |2 ddc |c BK | ||
| 952 | |0 0 |1 0 |2 ddc |4 0 |6 610_600000000000000_TH120 |7 0 |9 26939 |a 000001 |b 000001 |d 2023-03-28 |o 610.6 Th120 |p MD.21454 |r 2023-03-28 |v 56000.00 |w 2023-03-28 |y BK | ||
| 952 | |0 0 |1 0 |2 ddc |4 0 |6 610_600000000000000_TH120 |7 0 |9 26940 |a 000001 |b 000001 |d 2023-03-28 |o 610.6 Th120 |p MD.21455 |r 2023-03-28 |v 56000.00 |w 2023-03-28 |y BK | ||
| 952 | |0 0 |1 0 |2 ddc |4 0 |6 610_600000000000000_TH120 |7 0 |9 26941 |a 000001 |b 000001 |d 2023-03-28 |o 610.6 Th120 |p MD.21456 |r 2023-03-28 |v 56000.00 |w 2023-03-28 |y BK | ||
| 952 | |0 0 |1 0 |2 ddc |4 0 |6 610_600000000000000_TH120 |7 0 |9 26942 |a 000001 |b 000001 |d 2023-03-28 |o 610.6 Th120 |p MD.21457 |r 2023-03-28 |v 56000.00 |w 2023-03-28 |y BK | ||
| 952 | |0 0 |1 0 |2 ddc |4 0 |6 610_600000000000000_TH120 |7 0 |9 26943 |a 000001 |b 000001 |d 2023-03-28 |o 610.6 Th120 |p MD.21458 |r 2023-03-28 |v 56000.00 |w 2023-03-28 |y BK | ||
| 980 | |a Thư viện Trường Đại học Nam Cần Thơ | ||